=LDR 00000nam 2200000 4500 =001 INLIS000000000035474 =005 20130612141328 =008 ***********************************ind** =035 ##$$0010-061300000035474 =041 ##$$a ind =082 ##$$a 362.293 =090 ##$$a 362.293, Ind k =100 ##$$a Indrawan =245 ##$$a Kiat ampuh mengenal narkoba, Indrawan =260 ##$$a 2007 $b Bandung =300 ##$$a 56 hlm, 21 cm =650 ##$$a Narkotika-Rehabilitasi =850 ##$$a NBPNMAT